<?xml version="1.0" encoding="UTF-8"?>
<marc:record xmlns:marc="http://www.loc.gov/MARC21/slim">
   <marc:leader>00000nam a2200000 a 4500</marc:leader>
   <marc:datafield ind1=" " ind2=" " tag="653">
      <marc:subfield code="a">Bilderbuch</marc:subfield>
   </marc:datafield>
   <marc:datafield ind1="0" ind2="0" tag="245">
      <marc:subfield code="a">Drei Birken</marc:subfield>
   </marc:datafield>
   <marc:datafield ind1=" " ind2="1" tag="264">
      <marc:subfield code="a">St.Pölten</marc:subfield>
      <marc:subfield code="b">NÖ Pressehaus</marc:subfield>
      <marc:subfield code="c">2005</marc:subfield>
   </marc:datafield>
   <marc:datafield ind1="1" ind2=" " tag="520">
      <marc:subfield code="a">Drei Birken wollen eines Tages die Welt entdecken. Auf ihrem Hügel hoch über dem Tal ist es ihnen zu einsam geworden. Und so ziehen sie los … &#xD;
&#xD;
Sie kommen in eine Stadt, die seltsam torkelt und schwankt, an ein Meer, das wogt und zischt, an einen Hafen, in dem es laut ist und lärmt. Auch Menschen treffen sie, die laden sie zu einem Fest am Ufer eines großen Flusses, man lacht, man tanzt, die Figuren aus den Büchern, die sich die Menschen vorlesen, werden lebendig und feiern mit. Sie entdecken die Welt, ihre hellen und dunklen Seiten, erfahren was Vergänglichkeit ist, lernen was Verzweiflung bedeutet, aber auch wie mitreißend Freude sein kann. &#xD;
&#xD;
&#xD;
Doch am Ende zieht es die Bäume wieder zurück auf ihren stillen Hügel, hoch droben mit Blick auf die Welt. &#xD;
&#xD;
&#xD;
&#xD;
Ein poetischer Text von Heinz Janisch (Autor von „Schenk mir Flügel“ und „Herr Jemineh hat Glück“), eine leise Geschichte, die Marion Goedelt, Illustratorin aus Berlin, zart und zurückhaltend illustriert hat. &#xD;
&#xD;
&#xD;
&#xD;
Sie macht aus dem Bilderbuch, in dem sie auch für die typografische Gestaltung verantwortlich zeichnet, ein berührendes Gesamtkunstwerk.</marc:subfield>
   </marc:datafield>
   <marc:datafield ind1=" " ind2=" " tag="020">
      <marc:subfield code="a">9783853262924</marc:subfield>
      <marc:subfield code="9">9783853262924</marc:subfield>
   </marc:datafield>
   <marc:datafield ind1=" " ind2=" " tag="020">
      <marc:subfield code="a">3853262929</marc:subfield>
      <marc:subfield code="9">3853262929</marc:subfield>
   </marc:datafield>
   <marc:datafield ind1=" " ind2=" " tag="041">
      <marc:subfield code="a">ger</marc:subfield>
   </marc:datafield>
   <marc:datafield ind1=" " ind2=" " tag="300">
      <marc:subfield code="b">zahlr. III.</marc:subfield>
   </marc:datafield>
   <marc:datafield ind1=" " ind2=" " tag="338">
      <marc:subfield code="a">Band</marc:subfield>
   </marc:datafield>
</marc:record>
